[Event "Hastings Masters"]
[Site "Horntye, Hastings"]
[Date "2018.01.02"]
[Round "6.17"]
[White "Radovanovic, Jovica"]
[Black "Ter Steeg, Marcus"]
[Result "1-0"]
[BlackElo "2066"]
[WhiteElo "2320"]
[LiveChessVersion "1.4.8"]

1. d4 {[%clk 1:39:44]} Nf6 {[%clk 1:36:34]} 2. c4 {[%clk 1:39:53]} d6
{[%clk 1:36:51]} 3. Nf3 {[%clk 1:40:03]} Nbd7 {[%clk 1:36:54]} 4. Nc3
{[%clk 1:40:22]} e5 {[%clk 1:37:20]} 5. e4 {[%clk 1:40:29]} Be7 {[%clk 1:37:46]}
6. Be2 {[%clk 1:40:55]} O-O {[%clk 1:38:12]} 7. O-O {[%clk 1:41:20]} c6
{[%clk 1:38:38]} 8. Be3 {[%clk 1:41:02]} a6 {[%clk 1:38:37]} 9. Rc1
{[%clk 1:40:33]} b5 {[%clk 1:30:43]} 10. a3 {[%clk 1:36:43]} Re8 {[%clk 1:12:01]}
11. d5 cxd5 12. cxd5 {[%clk 1:34:10]} Nb6 {[%clk 1:00:20]} 13. Nd2
{[%clk 1:32:39]} Rb8 {[%clk 0:54:55]} 14. Na2 {[%clk 1:26:57]} Nc4
{[%clk 0:47:12]} 15. Nxc4 {[%clk 1:15:00]} bxc4 {[%clk 0:47:36]} 16. Nb4
{[%clk 1:11:35]} Bd7 {[%clk 0:40:19]} 17. Bxc4 {[%clk 1:05:05]} Nxe4
{[%clk 0:30:07]} 18. Nc6 {[%clk 1:01:21]} Qc7 {[%clk 0:18:59]} 19. Bd3
{[%clk 0:56:48]} Nc5 {[%clk 0:10:54]} 20. Bxc5 {[%clk 0:56:17]} e4
{[%clk 0:07:00]} 21. Ba7 {[%clk 0:43:42]} Bxc6 {[%clk 0:05:45]} 22. Bxb8
{[%clk 0:44:07]} Qxb8 {[%clk 0:05:46]} 23. dxc6 {[%clk 0:44:31]} exd3
{[%clk 0:06:06]} 24. c7 {[%clk 0:43:54]} Qb7 {[%clk 0:05:48]} 25. Re1
{[%clk 0:43:34]} Kf8 {[%clk 0:05:34]} 26. Qxd3 {[%clk 0:43:11]} g6
{[%clk 0:05:39]} 27. Qc3 {[%clk 0:42:45]} 1-0

[Event "Hastings Masters"]
[Site "Horntye, Hastings"]
[Date "2018.01.02"]
[Round "6.18"]
[White "Verma, Aditya"]
[Black "Muir, Andrew J"]
[Result "0-1"]
[BlackElo "2297"]
[WhiteElo "2069"]
[LiveChessVersion "1.4.8"]

1. e4 {[%clk 1:40:57]} c5 {[%clk 1:40:50]} 2. Nf3 {[%clk 1:41:24]} Nc6
{[%clk 1:41:08]} 3. d4 {[%clk 1:41:41]} cxd4 {[%clk 1:41:29]} 4. Nxd4
{[%clk 1:42:03]} Nf6 {[%clk 1:41:54]} 5. Nc3 {[%clk 1:42:15]} d6 {[%clk 1:42:20]}
6. g3 {[%clk 1:42:26]} g6 {[%clk 1:41:37]} 7. Bg2 {[%clk 1:42:40]} Nxd4
{[%clk 1:41:09]} 8. Qxd4 {[%clk 1:42:55]} Bg7 {[%clk 1:41:37]} 9. O-O
{[%clk 1:42:59]} O-O {[%clk 1:41:53]} 10. Qd1 {[%clk 1:43:17]} Ng4
{[%clk 1:37:30]} 11. Nd5 {[%clk 1:38:44]} Ne5 {[%clk 1:30:55]} 12. c3
{[%clk 1:38:32]} Bg4 {[%clk 1:23:24]} 13. f3 {[%clk 1:38:20]} Bd7
{[%clk 1:23:47]} 14. Qe2 {[%clk 1:36:52]} e6 {[%clk 1:21:31]} 15. Ne3
{[%clk 1:36:25]} Qb6 {[%clk 1:19:49]} 16. Kh1 {[%clk 1:33:23]} Bb5
{[%clk 1:19:06]} 17. c4 {[%clk 1:32:44]} Nxc4 {[%clk 1:19:06]} 18. Nxc4
{[%clk 1:32:58]} Qc5 {[%clk 1:09:27]} 19. Be3 {[%clk 1:25:56]} Bxc4
{[%clk 1:03:50]} 20. Qd2 {[%clk 1:26:10]} Qb5 {[%clk 0:56:55]} 21. Rf2
{[%clk 1:24:53]} d5 {[%clk 0:54:11]} 22. exd5 {[%clk 1:17:23]} Bxd5
{[%clk 0:51:42]} 23. Bd4 {[%clk 1:17:14]} Bxd4 {[%clk 0:46:50]} 24. Qxd4
{[%clk 1:17:40]} Rfc8 {[%clk 0:47:14]} 25. Rd2 {[%clk 1:10:58]} Rc4
{[%clk 0:43:33]} 26. Qf2 {[%clk 1:06:40]} Rac8 {[%clk 0:40:00]} 27. Bf1
{[%clk 1:03:57]} Rc1 {[%clk 0:39:51]} 28. Rxc1 {[%clk 1:02:00]} Rxc1
{[%clk 0:40:08]} 29. Kg2 {[%clk 1:02:22]} Qc6 {[%clk 0:32:11]} 30. a3
{[%clk 1:02:14]} Bxf3+ {[%clk 0:31:12]} 31. Qxf3 {[%clk 1:01:22]} Qxf3+
{[%clk 0:31:29]} 32. Kxf3 {[%clk 1:01:47]} Rxf1+ {[%clk 0:31:53]} 33. Ke4
{[%clk 1:01:25]} Rf5 {[%clk 0:27:12]} 34. Rd7 {[%clk 0:58:09]} Rb5
{[%clk 0:25:58]} 35. b4 {[%clk 0:58:15]} a5 {[%clk 0:25:40]} 36. Kd4
{[%clk 0:57:46]} axb4 {[%clk 0:25:36]} 37. Kc4 {[%clk 0:58:11]} Rh5
{[%clk 0:24:06]} 38. Kxb4 {[%clk 0:57:49]} Rxh2 {[%clk 0:24:20]} 39. Kc3
{[%clk 0:57:35]} Rg2 {[%clk 0:18:10]} 40. Rxb7 {[%clk 0:57:58]} Rxg3+
{[%clk 0:18:35]} 41. Kb4 {[%clk 0:58:20]} Rg1 {[%clk 0:17:24]} 42. Kc3
{[%clk 0:58:14]} h5 {[%clk 0:16:57]} 43. a4 {[%clk 0:58:35]} h4 {[%clk 0:16:22]}
44. a5 {[%clk 0:58:52]} Ra1 0-1

[Event "Hastings Masters"]
[Site "Horntye, Hastings"]
[Date "2018.01.02"]
[Round "6.19"]
[White "Pitschka, Claus"]
[Black "August, Daniel"]
[Result "1-0"]
[BlackElo "2056"]
[WhiteElo "2249"]
[LiveChessVersion "1.4.8"]

1. e4 {[%clk 1:33:39]} d6 {[%clk 1:40:16]} 2. d4 {[%clk 1:34:03]} Nf6
{[%clk 1:40:40]} 3. Nc3 {[%clk 1:34:20]} e5 {[%clk 1:40:59]} 4. Nf3
{[%clk 1:34:42]} Nbd7 {[%clk 1:41:20]} 5. Bc4 {[%clk 1:34:47]} Be7
{[%clk 1:41:39]} 6. O-O {[%clk 1:28:27]} O-O {[%clk 1:42:04]} 7. Re1
{[%clk 1:28:28]} c6 {[%clk 1:41:58]} 8. a4 {[%clk 1:28:15]} b6 {[%clk 1:41:36]}
9. b3 {[%clk 1:27:05]} a6 {[%clk 1:38:50]} 10. Bb2 {[%clk 1:24:37]} Bb7
{[%clk 1:36:03]} 11. Bf1 {[%clk 1:07:21]} Qc7 {[%clk 1:32:23]} 12. g3
{[%clk 1:04:59]} Rfe8 {[%clk 1:30:06]} 13. Bg2 {[%clk 1:04:16]} Bf8
{[%clk 1:28:39]} 14. Nh4 {[%clk 0:55:53]} Rad8 {[%clk 1:24:41]} 15. Nf5
{[%clk 0:56:02]} g6 {[%clk 1:21:35]} 16. Ne3 {[%clk 0:55:50]} exd4
{[%clk 1:18:35]} 17. Qxd4 {[%clk 0:56:16]} Bg7 {[%clk 1:18:44]} 18. Qc4
{[%clk 0:53:17]} Qb8 {[%clk 1:12:51]} 19. Rad1 {[%clk 0:49:38]} b5
{[%clk 1:11:40]} 20. axb5 {[%clk 0:45:10]} axb5 {[%clk 1:11:33]} 21. Qb4
{[%clk 0:45:18]} Nc5 {[%clk 1:10:27]} 22. f3 {[%clk 0:40:02]} Nfd7
{[%clk 1:03:39]} 23. Qa5 {[%clk 0:37:54]} Ne6 {[%clk 1:00:39]} 24. Qa1
{[%clk 0:36:37]} Qc7 {[%clk 0:58:17]} 25. Kh1 {[%clk 0:34:56]} Ndc5
{[%clk 0:51:12]} 26. Ne2 {[%clk 0:34:25]} Ra8 {[%clk 0:50:01]} 27. Qc1
{[%clk 0:33:58]} Ra2 {[%clk 0:49:03]} 28. Bxg7 {[%clk 0:34:16]} Kxg7
{[%clk 0:48:38]} 29. Qd2 {[%clk 0:30:43]} Rd8 {[%clk 0:48:15]} 30. Qc3+
{[%clk 0:30:35]} f6 {[%clk 0:48:26]} 31. b4 {[%clk 0:29:02]} Na4 {[%clk 0:46:49]}
32. Qb3 {[%clk 0:29:16]} Rb2 {[%clk 0:47:13]} 33. Qa3 {[%clk 0:28:08]} c5
{[%clk 0:46:49]} 34. bxc5 {[%clk 0:26:50]} Nexc5 {[%clk 0:46:41]} 35. Nf4
{[%clk 0:24:58]} Qa5 {[%clk 0:44:57]} 36. Rb1 {[%clk 0:19:24]} Ra8
{[%clk 0:37:28]} 37. Qa1 {[%clk 0:13:18]} Rxb1 {[%clk 0:33:19]} 38. Qxb1
{[%clk 0:13:40]} Nc3 {[%clk 0:32:29]} 39. Qc1 {[%clk 0:13:29]} Qa3
{[%clk 0:23:19]} 40. Qd2 {[%clk 0:13:22]} N5a4 {[%clk 0:18:22]} 41. Ng4
{[%clk 0:10:20]} Bc8 {[%clk 0:05:53]} 42. Nh5+ {[%clk 0:08:37]} gxh5
{[%clk 0:06:09]} 43. Qh6+ {[%clk 0:08:50]} Kg8 {[%clk 0:05:51]} 44. Nxf6+
{[%clk 0:08:32]} Kf7 {[%clk 0:06:13]} 45. Nxh5 {[%clk 0:03:18]} Qc5
{[%clk 0:46:56]} 46. e5 {[%clk 0:45:49]} d5 {[%clk 0:41:12]} 47. e6+
{[%clk 0:43:53]} Ke7 {[%clk 0:39:36]} 48. Qf6+ {[%clk 0:43:27]} Ke8 1-0

[Event "Hastings Masters"]
[Site "Horntye, Hastings"]
[Date "2018.01.02"]
[Round "6.20"]
[White "Berger, Konstantin"]
[Black "Britton, Richard L"]
[Result "0-1"]
[BlackElo "2239"]
[WhiteElo "2041"]
[LiveChessVersion "1.4.8"]

1. e4 {[%clk 1:40:55]} c5 {[%clk 1:40:54]} 2. Nf3 {[%clk 1:41:09]} d6
{[%clk 1:41:18]} 3. Bb5+ {[%clk 1:41:34]} Bd7 {[%clk 1:40:49]} 4. Bxd7+
{[%clk 1:41:58]} Qxd7 {[%clk 1:41:15]} 5. c4 {[%clk 1:42:16]} e5 {[%clk 1:37:03]}
6. O-O {[%clk 1:41:39]} Nc6 {[%clk 1:37:28]} 7. Nc3 {[%clk 1:41:58]} g6
{[%clk 1:30:42]} 8. a3 {[%clk 1:40:35]} Bg7 {[%clk 1:30:46]} 9. Rb1
{[%clk 1:40:51]} Nge7 {[%clk 1:30:08]} 10. b4 {[%clk 1:40:32]} O-O
{[%clk 1:21:39]} 11. d3 {[%clk 1:40:18]} b6 {[%clk 1:17:43]} 12. Nd5
{[%clk 1:33:40]} h6 {[%clk 1:12:36]} 13. Qa4 {[%clk 1:29:53]} Nxd5
{[%clk 1:11:55]} 14. cxd5 {[%clk 1:29:55]} Nb8 {[%clk 1:12:17]} 15. Qxd7
{[%clk 1:27:24]} Nxd7 {[%clk 1:12:42]} 16. b5 {[%clk 1:20:00]} c4
{[%clk 1:01:33]} 17. Nd2 {[%clk 1:03:16]} cxd3 {[%clk 0:56:38]} 18. Nc4
{[%clk 1:03:24]} Rfc8 {[%clk 0:51:05]} 19. Rb4 {[%clk 1:03:25]} Rc7
{[%clk 0:47:38]} 20. Be3 {[%clk 1:00:02]} Bf8 {[%clk 0:38:50]} 21. f3
{[%clk 0:49:37]} Rac8 {[%clk 0:27:03]} 22. Nb2 {[%clk 0:37:52]} Rc3
{[%clk 0:27:20]} 23. a4 {[%clk 0:35:39]} f5 {[%clk 0:22:41]} 24. Rd1
{[%clk 0:34:36]} Nc5 {[%clk 0:17:38]} 25. Kf1 {[%clk 0:29:19]} Kg7
{[%clk 0:15:11]} 26. Bxc5 {[%clk 0:28:52]} R8xc5 {[%clk 0:08:51]} 27. Rxd3
{[%clk 0:27:46]} Rc2 {[%clk 0:08:48]} 28. h3 {[%clk 0:17:00]} Be7
{[%clk 0:08:33]} 29. Re3 {[%clk 0:13:59]} Bg5 {[%clk 0:07:18]} 30. Re2
{[%clk 0:13:35]} Rc1+ {[%clk 0:05:45]} 31. Re1 {[%clk 0:09:05]} Bd2
{[%clk 0:05:56]} 32. Ke2 {[%clk 0:05:49]} Bxe1 {[%clk 0:06:02]} 0-1

[Event "Hastings Masters"]
[Site "Horntye, Hastings"]
[Date "2018.01.02"]
[Round "6.21"]
[White "Wall, Tim P"]
[Black "Larsen, Andreas"]
[Result "1-0"]
[BlackElo "1953"]
[WhiteElo "2236"]
[LiveChessVersion "1.4.8"]

1. b3 {[%clk 1:40:55]} e5 {[%clk 1:38:10]} 2. Bb2 {[%clk 1:41:10]} Nc6
{[%clk 1:38:32]} 3. e3 {[%clk 1:41:29]} d6 {[%clk 1:36:06]} 4. c4
{[%clk 1:40:55]} Bf5 {[%clk 1:35:20]} 5. Nf3 {[%clk 1:39:41]} g5 {[%clk 1:27:37]}
6. h3 {[%clk 1:29:36]} Bg7 {[%clk 1:24:12]} 7. g4 {[%clk 1:28:24]} Bd7
{[%clk 1:19:34]} 8. d4 {[%clk 1:20:39]} exd4 {[%clk 1:05:33]} 9. Nxd4
{[%clk 1:20:40]} Be5 {[%clk 0:59:21]} 10. Nc3 {[%clk 1:03:39]} Nf6
{[%clk 0:52:29]} 11. Bg2 {[%clk 1:03:11]} Qe7 {[%clk 0:51:22]} 12. Ncb5
{[%clk 0:56:26]} Rc8 {[%clk 0:42:17]} 13. Qd2 {[%clk 0:51:42]} Nxd4
{[%clk 0:28:23]} 14. Nxd4 {[%clk 0:50:31]} d5 {[%clk 0:23:21]} 15. cxd5
{[%clk 0:49:03]} Bd6 {[%clk 0:23:44]} 16. O-O-O {[%clk 0:45:46]} Ba3
{[%clk 0:18:50]} 17. Bxa3 {[%clk 0:43:56]} Qxa3+ {[%clk 0:19:14]} 18. Qb2
{[%clk 0:44:13]} Qc5+ 19. Kb1 O-O {[%clk 0:12:41]} 20. Ka1 {[%clk 0:43:25]} Qd6
{[%clk 0:10:52]} 21. h4 {[%clk 0:41:48]} Nxg4 {[%clk 0:10:47]} 22. hxg5
{[%clk 0:41:51]} Qg6 {[%clk 0:10:24]} 23. Bh3 {[%clk 0:40:23]} Rcd8
{[%clk 0:08:03]} 24. Bxg4 {[%clk 0:35:34]} Bxg4 {[%clk 0:08:27]} 25. f3
{[%clk 0:35:23]} Rxd5 {[%clk 0:07:57]} 26. fxg4 {[%clk 0:35:19]} Rxg5
{[%clk 0:08:20]} 27. Nf5 1-0

[Event "Hastings Masters"]
[Site "Horntye, Hastings"]
[Date "2018.01.02"]
[Round "6.22"]
[White "Oyama, Akito"]
[Black "Spanton, Tim R"]
[Result "1-0"]
[BlackElo "1880"]
[WhiteElo "2185"]
[LiveChessVersion "1.4.8"]

1. e4 {[%clk 1:40:58]} e5 {[%clk 1:40:53]} 2. Nf3 {[%clk 1:41:24]} Nc6
{[%clk 1:41:19]} 3. d4 {[%clk 1:41:52]} exd4 {[%clk 1:41:44]} 4. Nxd4
{[%clk 1:42:17]} Bc5 {[%clk 1:42:08]} 5. Nxc6 {[%clk 1:42:35]} Qf6
{[%clk 1:42:14]} 6. Qf3 {[%clk 1:43:00]} dxc6 {[%clk 1:42:33]} 7. Nc3
{[%clk 1:43:08]} Be6 {[%clk 1:42:12]} 8. Be3 {[%clk 1:36:22]} Bb4
{[%clk 1:40:05]} 9. Bd2 {[%clk 1:36:28]} h5 {[%clk 1:38:08]} 10. Bd3
{[%clk 1:34:25]} O-O-O {[%clk 1:37:04]} 11. O-O-O {[%clk 1:31:05]} Qxf3
{[%clk 1:33:51]} 12. gxf3 {[%clk 1:31:30]} Ne7 {[%clk 1:33:39]} 13. Rde1
{[%clk 1:26:28]} Ng6 {[%clk 1:32:09]} 14. f4 {[%clk 1:19:29]} Bxc3
{[%clk 1:31:11]} 15. bxc3 {[%clk 1:19:17]} Bd7 {[%clk 1:30:26]} 16. Rhg1
{[%clk 1:13:59]} Rdg8 {[%clk 1:29:48]} 17. Bc4 {[%clk 1:13:34]} Be8
{[%clk 1:29:36]} 18. Rg3 {[%clk 1:03:20]} b5 {[%clk 1:29:33]} 19. Bd3
{[%clk 1:03:03]} c5 {[%clk 1:29:09]} 20. c4 {[%clk 0:57:01]} a6 {[%clk 1:28:06]}
21. Reg1 {[%clk 0:51:56]} Rh7 {[%clk 1:25:47]} 22. e5 {[%clk 0:40:01]} Kd7
{[%clk 1:23:53]} 23. Bf5+ {[%clk 0:38:47]} Ke7 {[%clk 1:23:28]} 24. Be3
{[%clk 0:39:03]} h4 {[%clk 1:21:55]} 25. Bxc5+ {[%clk 0:39:16]} Kd8
{[%clk 1:22:15]} 26. Rd3+ {[%clk 0:39:41]} 1-0

[Event "Hastings Masters"]
[Site "Horntye, Hastings"]
[Date "2018.01.02"]
[Round "6.23"]
[White "Willow, Jonah B"]
[Black "Ruane, Brendan J"]
[Result "0-1"]
[BlackElo "1838"]
[WhiteElo "2152"]
[LiveChessVersion "1.4.8"]

1. e4 {[%clk 1:40:57]} g6 {[%clk 1:40:45]} 2. d4 {[%clk 1:41:20]} Bg7
{[%clk 1:41:08]} 3. Nc3 {[%clk 1:41:39]} c6 {[%clk 1:41:22]} 4. f4
{[%clk 1:41:56]} d5 {[%clk 1:41:01]} 5. e5 {[%clk 1:42:05]} Nh6 {[%clk 1:41:04]}
6. Nf3 {[%clk 1:41:48]} Bg4 {[%clk 1:41:04]} 7. Be3 {[%clk 1:40:38]} Nf5
{[%clk 1:40:44]} 8. Bf2 {[%clk 1:40:54]} h5 {[%clk 1:37:45]} 9. Be2
{[%clk 1:39:48]} Bxf3 {[%clk 1:37:40]} 10. Bxf3 {[%clk 1:40:10]} e6
{[%clk 1:36:42]} 11. g3 {[%clk 1:39:44]} Nd7 {[%clk 1:30:37]} 12. Qd2
{[%clk 1:26:27]} Qa5 {[%clk 1:29:29]} 13. Rd1 {[%clk 1:19:05]} b5
{[%clk 1:24:10]} 14. a3 {[%clk 1:08:56]} Nb6 {[%clk 1:16:31]} 15. Be2
{[%clk 1:08:08]} Nc4 {[%clk 1:15:41]} 16. Bxc4 {[%clk 1:08:31]} bxc4
{[%clk 1:16:01]} 17. O-O {[%clk 1:08:49]} Rb8 {[%clk 1:14:19]} 18. Rb1
{[%clk 1:07:36]} Kd7 {[%clk 1:12:04]} 19. Rfd1 {[%clk 1:06:36]} Rb7
{[%clk 1:10:16]} 20. Be1 {[%clk 1:00:35]} Qa6 {[%clk 1:07:11]} 21. Na2
{[%clk 0:55:36]} Rhb8 {[%clk 1:04:54]} 22. Nb4 {[%clk 0:54:00]} Qb6
{[%clk 1:00:50]} 23. Qf2 {[%clk 0:42:47]} a5 {[%clk 0:58:53]} 24. Na2
{[%clk 0:43:11]} Qa7 {[%clk 0:53:28]} 25. Bc3 {[%clk 0:42:15]} Bf8
{[%clk 0:52:02]} 26. Qe1 {[%clk 0:41:38]} Rb5 {[%clk 0:46:22]} 27. a4
{[%clk 0:31:24]} R5b7 {[%clk 0:40:36]} 28. Kh1 {[%clk 0:29:40]} Rb6
{[%clk 0:39:27]} 29. Nc1 {[%clk 0:25:21]} Ba3 {[%clk 0:38:43]} 30. Bxa5
{[%clk 0:21:06]} Rxb2 {[%clk 0:38:58]} 31. Ra1 {[%clk 0:17:13]} Bb4
{[%clk 0:37:32]} 32. Bxb4 {[%clk 0:17:30]} R8xb4 {[%clk 0:34:20]} 33. Nb3
{[%clk 0:16:49]} R4xb3 {[%clk 0:28:25]} 34. cxb3 {[%clk 0:17:12]} Rxb3
{[%clk 0:28:40]} 35. Qg1 {[%clk 0:12:35]} Qa5 {[%clk 0:27:11]} 36. Ra2
{[%clk 0:11:44]} Kc7 {[%clk 0:22:26]} 37. Qf2 {[%clk 0:11:04]} Qb4
{[%clk 0:21:07]} 38. a5 {[%clk 0:10:13]} Kb7 {[%clk 0:21:16]} 39. Rda1
{[%clk 0:02:15]} Ka6 {[%clk 0:21:05]} 40. Qd2 {[%clk 0:01:01]} c3
{[%clk 0:19:11]} 41. Qd3+ {[%clk 0:00:40]} Qb5 {[%clk 0:19:31]} 42. Qd1
{[%clk 0:48:59]} Qc4 {[%clk 1:01:41]} 43. Rb1 {[%clk 0:34:16]} Nxd4
{[%clk 1:01:24]} 44. Rxb3 {[%clk 0:34:08]} Nxb3 {[%clk 1:00:41]} 45. Rc2
{[%clk 0:31:44]} Qe4+ {[%clk 0:55:25]} 46. Kg1 {[%clk 0:30:06]} Qe3+
{[%clk 0:54:23]} 47. Kg2 {[%clk 0:30:11]} Nd2 {[%clk 0:53:28]} 48. Qc1
{[%clk 0:29:09]} d4 {[%clk 0:50:12]} 49. Kh3 {[%clk 0:23:56]} Qd3
{[%clk 0:47:15]} 50. Rxd2 {[%clk 0:19:08]} Qxd2 {[%clk 0:47:09]} 51. Qa3
{[%clk 0:19:06]} Qb2 {[%clk 0:43:51]} 52. Qc5 {[%clk 0:19:00]} c2
{[%clk 0:43:46]} 53. Qxc6+ {[%clk 0:18:58]} Kxa5 {[%clk 0:44:03]} 54. Qc5+
{[%clk 0:16:40]} Ka4 {[%clk 0:44:19]} 55. Qc4+ {[%clk 0:16:58]} Ka3
{[%clk 0:44:11]} 56. Qa6+ {[%clk 0:17:00]} Kb3 {[%clk 0:44:29]} 57. Qb5+
{[%clk 0:17:25]} Ka2 {[%clk 0:44:35]} 58. Qa6+ {[%clk 0:17:31]} Kb1
{[%clk 0:44:49]} 59. Qd3 {[%clk 0:17:39]} Qb4 {[%clk 0:43:22]} 60. Kh4
{[%clk 0:17:43]} Kb2 {[%clk 0:43:19]} 61. Qe2 {[%clk 0:18:07]} d3
{[%clk 0:43:19]} 0-1

[Event "Hastings Masters"]
[Site "Horntye, Hastings"]
[Date "2018.01.02"]
[Round "6.24"]
[White "Rogacewicz, Mikolaj"]
[Black "Stanisz, Patryk"]
[Result "1-0"]
[BlackElo "2150"]
[WhiteElo "1961"]
[LiveChessVersion "1.4.8"]

1. d4 {[%clk 1:40:57]} Nf6 {[%clk 1:40:55]} 2. c4 {[%clk 1:41:21]} e6
{[%clk 1:41:21]} 3. g3 {[%clk 1:41:40]} Bb4+ {[%clk 1:41:44]} 4. Bd2
{[%clk 1:42:01]} Qe7 {[%clk 1:41:57]} 5. Bg2 {[%clk 1:39:52]} Nc6
{[%clk 1:42:16]} 6. Nf3 {[%clk 1:33:24]} Bxd2+ {[%clk 1:42:34]} 7. Nbxd2
{[%clk 1:33:00]} a5 {[%clk 1:39:22]} 8. O-O {[%clk 1:30:31]} d6 {[%clk 1:39:46]}
9. e4 {[%clk 1:22:33]} e5 {[%clk 1:40:02]} 10. d5 {[%clk 1:17:57]} Nb8
{[%clk 1:40:30]} 11. Ne1 {[%clk 1:15:57]} O-O {[%clk 1:18:53]} 12. Nd3
{[%clk 1:13:25]} Na6 {[%clk 1:16:40]} 13. f4 {[%clk 1:12:06]} Nd7
{[%clk 1:11:04]} 14. f5 {[%clk 1:05:28]} f6 {[%clk 1:08:09]} 15. a3
{[%clk 0:57:56]} Ndc5 {[%clk 0:57:42]} 16. Nxc5 {[%clk 0:53:43]} dxc5
{[%clk 0:55:02]} 17. Nb3 {[%clk 0:42:50]} a4 {[%clk 0:52:48]} 18. Nd2
{[%clk 0:41:20]} Bd7 {[%clk 0:52:33]} 19. Nb1 {[%clk 0:40:44]} Rfb8
{[%clk 0:28:40]} 20. Nc3 {[%clk 0:39:41]} Qe8 {[%clk 0:26:01]} 21. Rf2
{[%clk 0:37:12]} b6 {[%clk 0:17:37]} 22. Bf3 {[%clk 0:33:43]} Rd8
{[%clk 0:15:32]} 23. Bh5 {[%clk 0:31:22]} g6 {[%clk 0:16:01]} 24. fxg6
{[%clk 0:31:38]} hxg6 {[%clk 0:16:30]} 25. Bg4 {[%clk 0:31:57]} Qf8
{[%clk 0:10:36]} 26. Bxd7 {[%clk 0:29:26]} Rxd7 {[%clk 0:11:04]} 27. Qg4
{[%clk 0:29:06]} Rf7 {[%clk 0:10:27]} 28. Qxg6+ {[%clk 0:28:36]} Qg7
{[%clk 0:10:55]} 29. Qxg7+ {[%clk 0:28:21]} Kxg7 {[%clk 0:11:24]} 30. Nxa4
{[%clk 0:28:38]} Nb8 {[%clk 0:11:23]} 31. Nc3 {[%clk 0:28:41]} c6
{[%clk 0:10:43]} 32. Raf1 {[%clk 0:27:53]} cxd5 {[%clk 0:09:59]} 33. exd5
{[%clk 0:24:47]} Nd7 {[%clk 0:09:50]} 34. Kg2 {[%clk 0:20:56]} Kg6
{[%clk 0:09:45]} 35. g4 {[%clk 0:17:50]} Re7 {[%clk 0:09:07]} 36. Ne4
{[%clk 0:17:10]} Ra4 {[%clk 0:09:30]} 37. Nxf6 {[%clk 0:14:42]} Rxc4
{[%clk 0:09:49]} 38. Nxd7 {[%clk 0:14:58]} Rxd7 {[%clk 0:08:21]} 39. Rf6+
{[%clk 0:15:18]} Kg7 {[%clk 0:03:58]} 40. Kg3 {[%clk 0:13:59]} b5
{[%clk 0:01:08]} 41. Rb6 {[%clk 0:07:25]} Rxd5 {[%clk 0:01:20]} 42. Rxb5
{[%clk 0:07:32]} Rd3+ {[%clk 0:01:48]} 43. Rf3 {[%clk 0:06:54]} Rd1
{[%clk 0:39:22]} 44. Kh4 {[%clk 0:54:22]} Rdd4 {[%clk 0:30:00]} 45. h3
{[%clk 0:50:33]} e4 {[%clk 0:30:26]} 46. Rb7+ {[%clk 0:45:07]} Kg6
{[%clk 0:30:26]} 47. Rb6+ {[%clk 0:45:31]} Kg7 {[%clk 0:30:51]} 48. Re3
{[%clk 0:45:21]} Rd3 {[%clk 0:27:32]} 49. Rb3 {[%clk 0:45:43]} Rxb3
{[%clk 0:21:23]} 50. Rxb3 {[%clk 0:46:04]} Kf6 {[%clk 0:20:47]} 51. Rc3
{[%clk 0:46:06]} Rd4 {[%clk 0:19:48]} 52. Kg3 {[%clk 0:45:41]} c4
{[%clk 0:17:00]} 53. Kf4 {[%clk 0:45:44]} Ke6 {[%clk 0:17:23]} 54. b3
{[%clk 0:44:55]} cxb3 {[%clk 0:15:45]} 55. Rxb3 {[%clk 0:45:20]} Kd5
{[%clk 0:15:59]} 56. Ke3 {[%clk 0:40:25]} Rd1 {[%clk 0:15:44]} 57. Rb5+
{[%clk 0:39:07]} Kc4 {[%clk 0:16:12]} 58. Rb4+ {[%clk 0:39:17]} Kd5
{[%clk 0:16:40]} 59. Rb3 {[%clk 0:33:53]} Re1+ {[%clk 0:16:45]} 60. Kf2
{[%clk 0:32:30]} Rc1 {[%clk 0:13:38]} 61. h4 {[%clk 0:29:50]} Kd4
{[%clk 0:12:55]} 62. Rb2 {[%clk 0:25:30]} Rh1 {[%clk 0:09:58]} 63. Kg3
{[%clk 0:21:26]} Rg1+ {[%clk 0:08:23]} 64. Kf4 {[%clk 0:17:09]} Rf1+
{[%clk 0:08:07]} 65. Kg5 {[%clk 0:17:26]} e3 {[%clk 0:05:45]} 66. h5
{[%clk 0:17:13]} Kc3 {[%clk 0:02:47]} 67. Rb8 {[%clk 0:14:53]} e2
{[%clk 0:02:35]} 68. Re8 {[%clk 0:15:18]} e1=Q {[%clk 0:02:57]} 69. Rxe1
{[%clk 0:15:44]} Rxe1 {[%clk 0:03:20]} 70. h6 {[%clk 0:15:20]} Kd4
{[%clk 0:00:59]} 71. h7 {[%clk 0:15:18]} Re8 {[%clk 0:01:28]} 72. Kf6
{[%clk 0:14:57]} Ra8 {[%clk 0:00:45]} 73. g5 {[%clk 0:15:13]} Ra6+
{[%clk 0:01:14]} 74. Kg7 {[%clk 0:15:32]} Ra7+ {[%clk 0:00:58]} 75. Kh6
{[%clk 0:15:49]} Ra8 {[%clk 0:01:03]} 76. g6 {[%clk 0:16:11]} Ke4
{[%clk 0:00:34]} 77. g7 {[%clk 0:15:46]} Ra6+ {[%clk 0:00:57]} 78. Kg5
{[%clk 0:16:00]} Ra5+ {[%clk 0:00:38]} 79. Kg4 {[%clk 0:16:01]} 1-0

[Event "Hastings Masters"]
[Site "Horntye, Hastings"]
[Date "2018.01.02"]
[Round "6.25"]
[White "Fowler, David"]
[Black "Villiers, Thomas"]
[Result "0-1"]
[BlackElo "2136"]
[WhiteElo "1904"]
[LiveChessVersion "1.4.8"]

1. d4 {[%clk 1:40:57]} g6 {[%clk 1:40:35]} 2. c4 {[%clk 1:41:13]} Bg7
{[%clk 1:40:59]} 3. e4 {[%clk 1:41:26]} c5 {[%clk 1:41:14]} 4. d5
{[%clk 1:41:11]} d6 {[%clk 1:41:26]} 5. h3 {[%clk 1:40:02]} e5 {[%clk 1:40:18]}
6. Bd3 {[%clk 1:37:14]} Ne7 {[%clk 1:40:28]} 7. Nc3 {[%clk 1:36:21]} O-O
{[%clk 1:39:20]} 8. g4 {[%clk 1:32:42]} Na6 {[%clk 1:32:52]} 9. Be3
{[%clk 1:27:51]} f5 {[%clk 1:30:45]} 10. f3 {[%clk 1:26:43]} Bd7 {[%clk 1:27:52]}
11. Qd2 {[%clk 1:22:21]} Rb8 {[%clk 1:19:57]} 12. a4 {[%clk 1:09:48]} Nb4
{[%clk 1:14:23]} 13. Na2 {[%clk 1:02:26]} Nxd3+ {[%clk 1:08:01]} 14. Qxd3
{[%clk 1:02:50]} fxe4 {[%clk 1:08:25]} 15. fxe4 {[%clk 1:01:15]} Bxa4
{[%clk 1:08:21]} 16. Nc3 {[%clk 1:01:20]} Bd7 {[%clk 1:08:30]} 17. Qe2
{[%clk 0:45:41]} a6 {[%clk 1:03:16]} 18. Nf3 {[%clk 0:44:22]} h6 {[%clk 1:03:35]}
19. O-O {[%clk 0:42:55]} g5 {[%clk 1:03:58]} 20. Nxg5 {[%clk 0:31:49]} hxg5
{[%clk 1:02:30]} 21. Bxg5 {[%clk 0:32:00]} Qe8 {[%clk 1:01:34]} 22. Bxe7
{[%clk 0:24:57]} Qxe7 {[%clk 1:01:51]} 23. Rf5 {[%clk 0:21:58]} Bxf5
{[%clk 1:01:26]} 24. exf5 {[%clk 0:19:34]} e4 {[%clk 1:01:54]} 25. Qxe4
{[%clk 0:19:36]} Rbe8 {[%clk 1:02:18]} 26. Qe6+ {[%clk 0:19:14]} Qf7
{[%clk 1:02:16]} 27. Qxd6 {[%clk 0:17:03]} Bd4+ {[%clk 1:02:42]} 28. Kf1
{[%clk 0:15:29]} Qh7 {[%clk 1:02:35]} 0-1